000 01088nam a2200337Ia 4500
001 063796
008 221003m2022 xx 000 0 cat d
035 _aCENDO_53148
041 _acat
245 0 _a<La> solució :
_bapujar salaris, contenir preus, posar fi a les desigualtats : manifest del 1r de Maig de 2022
260 _aBarcelona :
_bCCOO de Catalunya,
_c2022
300 _a1 p. ;
_c 30 cm
500 _aEn: Llu!ta Digital, n. 396 (abril 2022), p. 8
650 0 _aDERECHOS DE LOS TRABAJADORES
_94
650 _aCLASE TRABAJADORA
_9385
650 _aMOVIMIENTO OBRERO
_9970
650 _aSINDICALISMO
_9189
650 0 _aCOMUNIDADES AUTONOMAS
_9344
650 _aCATALUÑA
_9539
650 0 _aACTITUD SINDICAL
_961
710 _aCCOO
_bCONC,
_eed.
_92438
856 _zPDF
_uhttp://docpublicos.ccoo.es/cendoc/063796Manifiesto1Mayo2022.pdf
901 _a0
903 _aNO
904 _a000
907 _aPrimero de Mayo
953 _d2022-05-03
_yDOCU_ELEC
_hLlu!ta Digital, n. 396 (abril 2022), p. 8
_tPS120
999 _c53147
_d53147
910 _a2022
942 _cDOCU_ELEC